[Event "Erfurt op-A 29th"]
[Site "Erfurt"]
[Date "2019.12.27"]
[Round "2"]
[White "Petri, Wolfgang"]
[Black "Schmuecker, Marcus"]
[Result "0-1"]
[WhiteElo "2023"]
[BlackElo "2210"]
[PlyCount "78"]
[EventDate "2019.12.26"]
[EventType "swiss"]
[EventRounds "8"]
[EventCountry "GER"]
[SourceTitle "CBM 194 Extra"]
[Source "ChessBase"]
[SourceDate "2020.03.31"]
[SourceVersion "1"]
[SourceVersionDate "2020.03.31"]
[SourceQuality "1"]

1. d4 Nf6 2. c4 e6 3. Nf3 b6 4. g3 c6 5. Bg2 Be7 6. 0-0 0-0 7. Nc3 d5 8. Ne5 Ba6 9. b3 Nfd7 10. Nxd7 Nxd7 11. cxd5 cxd5 12. Bb2 Rc8 13. Qd2 Nf6 14. Rfc1 Qd7 15. Rc2 Rc7 16. Rac1 Rfc8 17. h4 h6 18. Nb1 Ne4 19. Rxc7 Rxc7 20. Rxc7 Qxc7 21. Bxe4 dxe4 22. Nc3 Bb7 23. d5 Qd8 24. Nxe4 Qxd5 25. Qxd5 Bxd5 26. Nd2 Bb4 27. Nb1 f6 28. Nc3 Bc6 29. Kf1 h5 30. f3 Kf7 31. e4 e5 32. Ke2 Ke6 33. Ke3 Bc5+ 34. Ke2 g5 35. hxg5 fxg5 36. Bc1 Bd4 37. Kd3 h4 38. gxh4 gxh4 39. Be3 h3 0-1

[Event "Schwarzach op 33rd"]
[Site "Schwarzach"]
[Date "2018.07.14"]
[Round "1"]
[White "Schmuecker, Marcus"]
[Black "Stevic, Hrvoje"]
[Result "1/2-1/2"]
[WhiteElo "2232"]
[BlackElo "2585"]
[PlyCount "67"]
[EventDate "2018.07.14"]
[EventType "swiss"]
[EventRounds "9"]
[EventCountry "AUT"]
[SourceTitle "EXT 2019"]
[Source "ChessBase"]
[SourceDate "2018.10.10"]
[SourceVersion "1"]
[SourceVersionDate "2018.10.10"]
[SourceQuality "1"]

1. d4 d5 2. c4 dxc4 3. e4 e5 4. Nf3 Bb4+ 5. Nc3 exd4 6. Qxd4 Qxd4 7. Nxd4 Nf6 8. f3 Bc5 9. Be3 Nc6 10. Rd1 Bxd4 11. Bxd4 Nxd4 12. Rxd4 Be6 13. Nb5 c5 14. Nc7+ Ke7 15. Rd2 Rad8 16. Nxe6 fxe6 17. Bxc4 Nd7 18. Ke2 Ne5 19. Rc1 b6 20. Rxd8 Rxd8 21. Bb5 Rd4 22. a3 Kd6 23. Ke3 Nc6 24. f4 e5 25. Bxc6 exf4+ 26. Kxf4 Kxc6 27. Ke3 a5 28. Rf1 Rd7 29. Rf8 Rd1 30. Rc8+ Kd7 31. Rb8 Kc6 32. Rc8+ Kd7 33. Rb8 Kc6 34. Rc8+ 1/2-1/2

[Event "Herne UFO op 9th"]
[Site "Herne"]
[Date "2018.05.30"]
[Round "1"]
[White "Schmuecker, Marcus"]
[Black "Steinke, Hans Joerg"]
[Result "1-0"]
[WhiteElo "2270"]
[BlackElo "1816"]
[PlyCount "55"]
[EventDate "2018.05.30"]
[EventType "swiss"]
[EventRounds "7"]
[EventCountry "GER"]
[SourceTitle "CBM 184 Extra"]
[Source "ChessBase"]
[SourceDate "2018.06.28"]
[SourceVersion "1"]
[SourceVersionDate "2018.06.28"]
[SourceQuality "1"]

1. d4 d5 2. c4 e6 3. Nc3 Nf6 4. cxd5 Nxd5 5. Nf3 Nd7 6. e4 Nxc3 7. bxc3 c6 8. Bd3 Be7 9. Bf4 0-0 10. 0-0 Nf6 11. Qe2 Nh5 12. Bd2 g6 13. Rfe1 c5 14. d5 exd5 15. exd5 Bf6 16. Rad1 Qxd5 17. Bh6 Ng7 18. Bxg6 Qc6 19. Be4 Qc7 20. Qc2 Be6 21. Bxh7+ Kh8 22. Be4 Rad8 23. c4 Rfe8 24. h3 b6 25. Ng5 Bc8 26. Rxd8 Rxd8 27. Bd5 Bf5 28. Bxg7+ 1-0

[Event "BEL-chT 1617"]
[Site "Belgium"]
[Date "2016.12.04"]
[Round "5.6"]
[White "Verlinde, Tieme"]
[Black "Schmuecker, Marcus"]
[Result "0-1"]
[WhiteElo "2202"]
[BlackElo "2250"]
[PlyCount "70"]
[EventDate "2016.10.02"]
[EventType "team-tourn"]
[EventRounds "11"]
[EventCountry "BEL"]
[SourceTitle "EXT 2018"]
[Source "ChessBase"]
[SourceDate "2017.10.13"]
[SourceVersion "1"]
[SourceVersionDate "2017.10.13"]
[SourceQuality "1"]
[WhiteTeam "KBSK Brugge"]
[BlackTeam "Wirtzfeld"]
[WhiteTeamCountry "BEL"]
[BlackTeamCountry "BEL"]

1. e4 e6 2. d3 d5 3. Nd2 c5 4. Ngf3 Nc6 5. g3 Nge7 6. Bg2 g6 7. 0-0 Bg7 8. Re1 b6 9. exd5 exd5 10. d4 Bf5 11. c3 cxd4 12. Nxd4 Nxd4 13. cxd4 0-0 14. Nf3 Nc6 15. Bg5 Qd6 16. Qd2 Rfe8 17. Rac1 Rxe1+ 18. Rxe1 Rc8 19. Bh6 Bh8 20. a3 Be4 21. Bf4 Qd7 22. Ne5 Nxe5 23. dxe5 Bxg2 24. Kxg2 d4 25. Re4 d3 26. Qe3 Rd8 27. Qd2 Qd5 28. f3 Rc8 29. Kh3 Rc2 30. Qd1 Qb3 31. Qg1 d2 32. Rd4 Bxe5 33. Bh6 Qe6+ 34. g4 Qf6 35. Qe3 d1Q 0-1

[Event "NRW-ch"]
[Site "Emsdetten"]
[Date "2015.10.13"]
[Round "2"]
[White "Schmuecker, Marcus"]
[Black "Michalczak, Thomas"]
[Result "1/2-1/2"]
[WhiteElo "2271"]
[BlackElo "2190"]
[PlyCount "72"]
[EventDate "2015.10.??"]
[EventType "swiss"]
[EventRounds "7"]
[EventCountry "GER"]
[SourceTitle "EXT 2017"]
[Source "ChessBase"]
[SourceDate "2016.10.25"]
[SourceVersion "1"]
[SourceVersionDate "2016.10.25"]
[SourceQuality "1"]

1. d4 d5 2. c4 e6 3. Nc3 a6 4. Nf3 dxc4 5. e4 b5 6. a4 b4 7. Nb1 Bb7 8. Qc2 Nf6 9. Nbd2 c3 10. bxc3 bxc3 11. Qxc3 Nxe4 12. Nxe4 Bxe4 13. Be2 Be7 14. 0-0 Nc6 15. Rd1 0-0 16. Ne5 Nb4 17. Bd2 f6 18. Qb3 Bd5 19. Nc4 Rb8 20. Qg3 Kh8 21. Rac1 Qd7 22. a5 Bb7 23. Be1 Nd5 24. Ne3 Bd6 25. Qh4 g5 26. Qg4 Nf4 27. d5 f5 28. Bc3+ e5 29. Qf3 Kg8 30. Nc4 g4 31. Qe3 Nxd5 32. Qg5+ Qg7 33. Qxg7+ Kxg7 34. Bxe5+ Bxe5 35. Nxe5 Rbe8 36. Bxa6 Ba8 1/2-1/2

[Event "NRW-ch"]
[Site "Emsdetten"]
[Date "2015.10.12"]
[Round "1"]
[White "Heinert, Eugen"]
[Black "Schmuecker, Marcus"]
[Result "1/2-1/2"]
[WhiteElo "2156"]
[BlackElo "2271"]
[PlyCount "164"]
[EventDate "2015.10.??"]
[EventType "swiss"]
[EventRounds "7"]
[EventCountry "GER"]
[SourceTitle "EXT 2017"]
[Source "ChessBase"]
[SourceDate "2016.10.25"]
[SourceVersion "1"]
[SourceVersionDate "2016.10.25"]
[SourceQuality "1"]

1. d4 Nf6 2. Bg5 e6 3. e4 h6 4. Bxf6 Qxf6 5. c3 d5 6. Nd2 c5 7. Ngf3 Nc6 8. Bb5 Bd7 9. 0-0 cxd4 10. exd5 exd5 11. Re1+ Be7 12. Qe2 dxc3 13. bxc3 Be6 14. c4 dxc4 15. Ne4 Qf4 16. Nd4 0-0 17. Nxe6 fxe6 18. Bxc6 bxc6 19. Qxc4 Qf5 20. Qxc6 Rac8 21. Qd7 Bc5 22. Re2 Rcd8 23. Qc6 Bb6 24. Kh1 Qd5 25. Qa4 Qe5 26. Rae1 Rd4 27. Qc2 Ba5 28. Rd1 Rxd1+ 29. Qxd1 Rd8 30. Qb1 Qb5 31. Qc2 Qb2 32. g3 Qa1+ 33. Kg2 Qd4 34. h4 Qd5 35. Kh2 Rf8 36. Kg2 Bb6 37. Rd2 Bd4 38. Re2 e5 39. Qb3 Qxb3 40. axb3 Rb8 41. Nd2 Kf7 42. Nf3 Kf6 43. Nxd4 exd4 44. Kf3 Kf5 45. g4+ Kf6 46. Rd2 Ke5 47. Rd3 Kd5 48. h5 Rf8+ 49. Ke2 Rf6 50. Rd2 Ke4 51. Rd1 d3+ 52. Ke1 Rd6 53. Kd2 Rd7 54. Rc1 Kf3 55. Rc4 Kxf2 56. Ra4 Kf3 57. Rc4 Rb7 58. b4 Rd7 59. b5 Rb7 60. Rb4 a5 61. Rb1 Kxg4 62. Kxd3 Kxh5 63. Rh1+ Kg4 64. Rg1+ Kf4 65. Kc4 h5 66. Rf1+ Kg3 67. Rg1+ Kf2 68. Rh1 g6 69. Kc5 Kg2 70. Ra1 h4 71. Ra2+ Kg3 72. Ra3+ Kg4 73. Ra4+ Kh5 74. Kc6 Rb8 75. b6 h3 76. Rxa5+ g5 77. Kc7 Rxb6 78. Kxb6 h2 79. Ra8 Kg4 80. Rh8 Kg3 81. Kc5 Kg2 82. Kd4 h1Q 1/2-1/2

[Event "NRW Class2 1415"]
[Site "Germany"]
[Date "2015.03.01"]
[Round "7.2"]
[White "Ebert, Manuel"]
[Black "Schmuecker, Marcus"]
[Result "1-0"]
[WhiteElo "2124"]
[BlackElo "2184"]
[PlyCount "71"]
[EventDate "2014.09.14"]
[EventType "team-tourn"]
[EventRounds "9"]
[EventCountry "GER"]
[SourceTitle "EXT 2017"]
[Source "ChessBase"]
[SourceDate "2016.10.25"]
[SourceVersion "1"]
[SourceVersionDate "2016.10.25"]
[SourceQuality "1"]
[WhiteTeam "Guetersloh"]
[BlackTeam "Iserlohn Koenigsspringer"]
[WhiteTeamCountry "GER"]
[BlackTeamCountry "GER"]

1. e4 e6 2. b3 d5 3. Bb2 dxe4 4. Nc3 Nf6 5. Qe2 Bb4 6. 0-0-0 Qe7 7. Nxe4 Ba3 8. Nxf6+ Qxf6 9. d4 Qe7 10. Qb5+ Nc6 11. Nf3 0-0 12. Bd3 Bxb2+ 13. Kxb2 Qf6 14. c3 Rd8 15. Be4 Ne7 16. Qh5 g6 17. Qh6 Nd5 18. h4 Qg7 19. Qg5 Nf6 20. h5 h6 21. Qe5 Nxh5 22. Qxc7 Rd7 23. Qh2 Nf6 24. Bd3 Ng4 25. Qg3 h5 26. Bb5 Rd8 27. Ne5 a6 28. Nxg4 axb5 29. Qh4 Qf8 30. Nf6+ Kh8 31. Nxh5 Kg8 32. Nf6+ Kg7 33. Ne4 Qa3+ 34. Kc2 Qxa2+ 35. Kd3 Rxd4+ 36. Kxd4 1-0

[Event "NRW-ch"]
[Site "Solingen"]
[Date "2014.10.11"]
[Round "1"]
[White "Schmuecker, Marcus"]
[Black "Meinhardt, Michael"]
[Result "1-0"]
[WhiteElo "2251"]
[BlackElo "2127"]
[PlyCount "103"]
[EventDate "2014.10.11"]
[EventType "swiss"]
[EventRounds "7"]
[EventCountry "GER"]
[SourceTitle "EXT 2016"]
[Source "ChessBase"]
[SourceDate "2015.10.08"]
[SourceVersion "1"]
[SourceVersionDate "2015.10.08"]
[SourceQuality "1"]

1. Nf3 Nf6 2. c4 e6 3. g3 d5 4. Bg2 dxc4 5. Qa4+ c6 6. Qxc4 b5 7. Qc2 Bb7 8. d4 Nbd7 9. Nc3 c5 10. dxc5 Bxc5 11. 0-0 Qb6 12. Qb3 a6 13. a4 b4 14. a5 Qc7 15. Bf4 Bd6 16. Bxd6 Qxd6 17. Rfd1 Qe7 18. Na2 Bd5 19. Qxb4 Rb8 20. Qd4 0-0 21. Nc3 Qb4 22. Nxd5 Nxd5 23. Rd2 Nc5 24. Qxb4 Rxb4 25. Nd4 Nb3 26. Nxb3 Rxb3 27. e4 Nf6 28. f3 Rfb8 29. Ra2 Kf8 30. Kf2 Ne8 31. Bf1 Nc7 32. Bc4 R3b4 33. b3 Ke7 34. Rd3 Nb5 35. Rad2 Rb7 36. Rd8 Rc7 37. e5 Nc3 38. Ra8 Nd5 39. Rxa6 Rb8 40. f4 Rcb7 41. Bxd5 exd5 42. Rxd5 Rxb3 43. Ra7+ R8b7 44. Rxb7+ Rxb7 45. Ke3 Rb1 46. Kd4 f6 47. exf6+ Kxf6 48. Kc5 Ke6 49. Rd6+ Ke7 50. Rd4 Ra1 51. Kb5 Rb1+ 52. Rb4 1-0

[Event "Werther Schloss op 20th"]
[Site "Werther"]
[Date "2014.04.13"]
[Round "7"]
[White "Schmuecker, Marcus"]
[Black "Buckels, Valentin"]
[Result "1/2-1/2"]
[WhiteElo "2257"]
[BlackElo "2074"]
[PlyCount "113"]
[EventDate "2014.04.10"]
[EventType "swiss"]
[EventRounds "7"]
[EventCountry "GER"]
[SourceTitle "CBM 159 Extra"]
[Source "ChessBase"]
[SourceDate "2014.04.24"]
[SourceVersion "1"]
[SourceVersionDate "2014.04.24"]
[SourceQuality "1"]

1. Nf3 d5 2. g3 e6 3. Bg2 c5 4. 0-0 Nc6 5. c4 Nf6 6. cxd5 exd5 7. d4 Be7 8. Nc3 0-0 9. b3 Re8 10. Bb2 Bg4 11. Rc1 Rc8 12. dxc5 Bxc5 13. Nxd5 Bxf2+ 14. Rxf2 Nxd5 15. Ne5 Ne3 16. Qxd8 Rexd8 17. Bxc6 bxc6 18. Nxg4 Nxg4 19. Rf4 h5 20. h3 Ne3 21. Bd4 Nd5 22. Re4 Nf6 23. Bxf6 gxf6 24. Rec4 Rd6 25. Kf2 Re8 26. R1c2 Rc8 27. Ra4 Rc7 28. Rc5 Rd2 29. Rxh5 f5 30. Rxf5 Re7 31. Kf3 Rexe2 32. Rxa7 Rxa2 33. Rxa2 Rxa2 34. Rc5 Ra6 35. Rc3 Rb6 36. Ke4 Rb5 37. Kd4 Kf8 38. Re3 Kg7 39. Kc4 Kf6 40. b4 Rh5 41. h4 Rb5 42. g4 Rd5 43. Re4 Rb5 44. Rf4+ Kg6 45. g5 Kg7 46. Rf6 Rb6 47. Rf5 Kg6 48. Ra5 Kh5 49. Kc5 Rb7 50. g6 Kxg6 51. Ra6 Kh5 52. Rxc6 Kxh4 53. Rh6+ Kg5 54. Rh8 Rc7+ 55. Kd6 Rb7 56. Kc5 Rc7+ 57. Kd6 1/2-1/2

[Event "Werther Schloss op 20th"]
[Site "Werther"]
[Date "2014.04.12"]
[Round "4"]
[White "Schmuecker, Marcus"]
[Black "Lehmann, Martin"]
[Result "1-0"]
[WhiteElo "2257"]
[BlackElo "2074"]
[PlyCount "83"]
[EventDate "2014.04.10"]
[EventType "swiss"]
[EventRounds "7"]
[EventCountry "GER"]
[SourceTitle "CBM 159 Extra"]
[Source "ChessBase"]
[SourceDate "2014.04.24"]
[SourceVersion "1"]
[SourceVersionDate "2014.04.24"]
[SourceQuality "1"]

1. Nf3 g6 2. g3 Bg7 3. Bg2 d5 4. 0-0 Nf6 5. c4 c6 6. d4 0-0 7. Qa4 e6 8. Bf4 Nh5 9. Bxb8 Rxb8 10. cxd5 exd5 11. Qxa7 Qc7 12. Nc3 Be6 13. Qa4 h6 14. Rfc1 g5 15. e3 f5 16. Ne1 Qf7 17. f4 Nf6 18. Nf3 Ng4 19. Re1 Rbe8 20. h3 Nf6 21. Ne5 Qh5 22. Qd1 Kh7 23. Qxh5 Nxh5 24. Kh2 Nf6 25. b4 Ne4 26. Bxe4 fxe4 27. Rf1 Bc8 28. a4 Rf6 29. Rac1 Ref8 30. b5 h5 31. h4 gxh4 32. gxh4 Rd6 33. bxc6 bxc6 34. Na2 Bf6 35. Nb4 Bxh4 36. Rc2 Rg8 37. Rg1 Rxg1 38. Kxg1 Be1 39. Nbxc6 Ba6 40. Ne7 h4 41. Rc7 Kh8 42. Nf7+ 1-0

[Event "NRW Class1 1314"]
[Site "Germany"]
[Date "2013.11.17"]
[Round "3.2"]
[White "Riedel, Holger"]
[Black "Schmuecker, Marcus"]
[Result "1-0"]
[WhiteElo "2192"]
[BlackElo "2188"]
[PlyCount "101"]
[EventDate "2013.09.15"]
[EventType "team-tourn"]
[EventRounds "9"]
[EventCountry "GER"]
[SourceTitle "EXT 2015"]
[Source "ChessBase"]
[SourceDate "2014.11.20"]
[SourceVersion "1"]
[SourceVersionDate "2014.11.20"]
[SourceQuality "1"]
[WhiteTeam "Niederkassel"]
[BlackTeam "Iserlohn Koenigsspringer"]
[WhiteTeamCountry "GER"]
[BlackTeamCountry "GER"]

1. Nf3 Nf6 2. g3 d5 3. d4 c6 4. Bg2 Bg4 5. 0-0 e6 6. Nbd2 Nbd7 7. c4 Be7 8. b3 0-0 9. Bb2 a5 10. a3 b5 11. Ne5 Nxe5 12. dxe5 Nd7 13. cxb5 cxb5 14. h3 Bh5 15. g4 Bg6 16. e4 Nc5 17. exd5 exd5 18. Qf3 Rc8 19. Rfc1 Bg5 20. Bd4 Ne6 21. Be3 Rxc1+ 22. Rxc1 d4 23. Bxg5 Qxg5 24. Qe2 Nf4 25. Qd1 Qxe5 26. Nf3 Qd6 27. Bf1 d3 28. Qd2 Be4 29. Qe3 f5 30. Nd4 Qh6 31. gxf5 Qg5+ 32. Kh2 Bxf5 33. Rc5 g6 34. Rxb5 Qh4 35. Nxf5 Rxf5 36. Rxf5 gxf5 37. b4 axb4 38. axb4 Ng6 39. b5 Qb4 40. Qxd3 Qf4+ 41. Qg3 Qd4 42. Kg1 Qb6 43. Qe3 Qxe3 44. fxe3 Ne5 45. Kf2 Kg7 46. b6 Nd7 47. b7 Kf6 48. Bb5 Nb8 49. Kf3 Ke5 50. h4 h6 51. h5 1-0

[Event "Dortmund Sparkassen op-A"]
[Site "Dortmund"]
[Date "2013.08.04"]
[Round "9"]
[White "Schmuecker, Marcus"]
[Black "Huckebrink, Chris"]
[Result "1/2-1/2"]
[WhiteElo "2255"]
[BlackElo "2034"]
[PlyCount "113"]
[EventDate "2013.07.27"]
[EventType "swiss"]
[EventRounds "9"]
[EventCountry "GER"]
[SourceTitle "CBM 155 Extra"]
[Source "ChessBase"]
[SourceDate "2013.08.26"]
[SourceVersion "1"]
[SourceVersionDate "2013.08.26"]
[SourceQuality "1"]

1. Nf3 Nf6 2. c4 e6 3. g3 b6 4. Bg2 Bb7 5. 0-0 c5 6. Nc3 d5 7. cxd5 Nxd5 8. Nxd5 Bxd5 9. Qa4+ Qd7 10. Qxd7+ Nxd7 11. d3 Bd6 12. Bd2 Ne5 13. Nxe5 Bxe5 14. Bc3 Bxc3 15. bxc3 Bxg2 16. Kxg2 0-0-0 17. a4 Kc7 18. f4 Kc6 19. Kf3 a6 20. Ke3 Rhe8 21. d4 cxd4+ 22. cxd4 Rd5 23. Kd3 Red8 24. e3 f5 25. Rf2 Kb7 26. Rc2 Rc8 27. Rxc8 Kxc8 28. Kc4 Kd7 29. h3 h5 30. Rg1 Ke7 31. g4 fxg4 32. hxg4 g5 33. gxh5 gxf4 34. exf4 Rxh5 35. Rb1 Ra5 36. Rxb6 Rxa4+ 37. Kd3 Ra1 38. Ke4 a5 39. Ra6 a4 40. f5 exf5+ 41. Kxf5 a3 42. Ke5 a2 43. Ra7+ Kd8 44. Kd6 Kc8 45. d5 Kb8 46. Ra3 Kb7 47. Rb3+ Kc8 48. Rb2 Rh1 49. Rxa2 Rh6+ 50. Kc5 Kd8 51. Rg2 Rf6 52. Rg7 Rh6 53. Ra7 Rg6 54. Rh7 Rf6 55. Kd4 Ra6 56. Ke5 Rb6 57. d6 1/2-1/2

[Event "Dortmund Sparkassen op-A"]
[Site "Dortmund"]
[Date "2013.08.03"]
[Round "8"]
[White "Koenig, Christian"]
[Black "Schmuecker, Marcus"]
[Result "1/2-1/2"]
[WhiteElo "2114"]
[BlackElo "2255"]
[PlyCount "39"]
[EventDate "2013.07.27"]
[EventType "swiss"]
[EventRounds "9"]
[EventCountry "GER"]
[SourceTitle "CBM 155 Extra"]
[Source "ChessBase"]
[SourceDate "2013.08.26"]
[SourceVersion "1"]
[SourceVersionDate "2013.08.26"]
[SourceQuality "1"]

1. e4 d5 2. exd5 Qxd5 3. Nf3 Bg4 4. Be2 Nc6 5. d4 0-0-0 6. c4 Qf5 7. Be3 Bxf3 8. Bxf3 Nxd4 9. Bxd4 Qe6+ 10. Be2 c5 11. 0-0 Rxd4 12. Qc2 Qe4 13. Qxe4 Rxe4 14. Nc3 Rd4 15. Nb5 Rd2 16. Bg4+ e6 17. Nxa7+ Kb8 18. Nb5 Nf6 19. Rfd1 Rxd1+ 20. Rxd1 1/2-1/2

[Event "Dortmund Sparkassen op-A"]
[Site "Dortmund"]
[Date "2013.08.02"]
[Round "7"]
[White "Schmuecker, Marcus"]
[Black "Strathoff, Martin"]
[Result "1-0"]
[WhiteElo "2255"]
[BlackElo "2059"]
[PlyCount "43"]
[EventDate "2013.07.27"]
[EventType "swiss"]
[EventRounds "9"]
[EventCountry "GER"]
[SourceTitle "CBM 155 Extra"]
[Source "ChessBase"]
[SourceDate "2013.08.26"]
[SourceVersion "1"]
[SourceVersionDate "2013.08.26"]
[SourceQuality "1"]

1. Nf3 d5 2. d4 Nf6 3. c4 e6 4. g3 Be7 5. Bg2 0-0 6. 0-0 Nbd7 7. Qc2 c6 8. Nbd2 b6 9. e4 dxe4 10. Nxe4 Nxe4 11. Qxe4 Ba6 12. b3 Rc8 13. Rd1 b5 14. Qc2 c5 15. dxc5 Rxc5 16. Be3 Rc8 17. Ne5 Rc7 18. Nc6 Qe8 19. cxb5 Nb8 20. Bf4 Rc8 21. Nxe7+ Qxe7 22. Qe2 1-0

[Event "Oberhausen op"]
[Site "Oberhausen"]
[Date "2013.03.30"]
[Round "4"]
[White "Schmuecker, Marcus"]
[Black "Hausrath, Daniel"]
[Result "0-1"]
[WhiteElo "2213"]
[BlackElo "2488"]
[PlyCount "80"]
[EventDate "2013.03.28"]
[EventType "swiss"]
[EventRounds "7"]
[EventCountry "GER"]
[SourceTitle "CBM 153 Extra"]
[Source "ChessBase"]
[SourceDate "2013.04.22"]
[SourceVersion "1"]
[SourceVersionDate "2013.04.22"]
[SourceQuality "1"]

1. Nf3 Nf6 2. c4 e6 3. g3 d5 4. d4 Be7 5. Bg2 0-0 6. 0-0 dxc4 7. Ne5 Nc6 8. Bxc6 bxc6 9. Nxc6 Qe8 10. Nxe7+ Qxe7 11. Qc2 e5 12. dxe5 Qxe5 13. Bf4 Qe6 14. Nc3 Bb7 15. Rfd1 h6 16. f3 g5 17. Bxc7 Rac8 18. Ba5 Rfe8 19. Qd2 Rc5 20. Bd8 Nd5 21. Ne4 Rc8 22. Ba5 f5 23. Nxg5 hxg5 24. Qxg5+ Kf7 25. e4 Nf6 26. Bc3 Rg8 27. Qxf6+ Qxf6 28. Bxf6 Kxf6 29. Rd7 Rg7 30. Rad1 Rxd7 31. Rxd7 Bc6 32. Rxa7 fxe4 33. fxe4 Ke5 34. Re7+ Kd4 35. e5 Rb8 36. Rc7 Bd5 37. b3 c3 38. g4 Ra8 39. Kf2 Rxa2+ 40. Kg3 c2 0-1

[Event "NRW Class2 1213"]
[Site "Germany"]
[Date "2013.01.20"]
[Round "5.4"]
[White "Loemker, Michael"]
[Black "Schmuecker, Marcus"]
[Result "0-1"]
[WhiteElo "2071"]
[BlackElo "2170"]
[PlyCount "54"]
[EventDate "2012.09.16"]
[EventType "team-tourn"]
[EventRounds "9"]
[EventCountry "GER"]
[SourceTitle "EXT 2017"]
[Source "ChessBase"]
[SourceDate "2016.10.25"]
[SourceVersion "1"]
[SourceVersionDate "2016.10.25"]
[SourceQuality "1"]
[WhiteTeam "Herford"]
[BlackTeam "Iserlohn Koenigsspringer"]
[WhiteTeamCountry "GER"]
[BlackTeamCountry "GER"]

1. d4 e6 2. c4 f5 3. Nf3 Nf6 4. g3 d5 5. Bg2 c6 6. 0-0 Bd6 7. b3 Qe7 8. a4 a5 9. Ba3 Bxa3 10. Nxa3 Nbd7 11. Qc2 0-0 12. e3 Ne4 13. Nd2 b6 14. f3 Nd6 15. e4 f4 16. g4 dxe4 17. Nxe4 Bb7 18. Rfe1 e5 19. Qf2 Nxe4 20. Rxe4 Qb4 21. Qb2 exd4 22. Qxd4 Rad8 23. Rxf4 Nf6 24. Qf2 Rd2 25. Qf1 Qd6 26. Rf5 g6 27. Rg5 Ne4 0-1

[Event "Paderborn op 09th"]
[Site "Paderborn"]
[Date "2012.12.29"]
[Round "5"]
[White "Schmuecker, Marcus"]
[Black "Borovikov, Vladislav"]
[Result "1/2-1/2"]
[WhiteElo "2185"]
[BlackElo "2565"]
[PlyCount "85"]
[EventDate "2012.12.27"]
[EventType "swiss"]
[EventRounds "7"]
[EventCountry "GER"]
[SourceTitle "CBM 152 Extra"]
[Source "ChessBase"]
[SourceDate "2013.02.25"]
[SourceVersion "1"]
[SourceVersionDate "2013.02.25"]
[SourceQuality "1"]

1. Nf3 d5 2. d4 Nf6 3. c4 e6 4. g3 Bb4+ 5. Bd2 Bd6 6. Qc2 c6 7. Bg2 Nbd7 8. 0-0 0-0 9. Rd1 Qe7 10. Bf4 Bxf4 11. gxf4 b6 12. Nbd2 Bb7 13. Rac1 Rfc8 14. e3 c5 15. dxc5 Nxc5 16. cxd5 Nxd5 17. Qb1 h6 18. Nc4 Rc7 19. Nce5 Nf6 20. b4 Be4 21. Qa1 Na4 22. Rxc7 Qxc7 23. Rc1 Qb7 24. Qd4 Rc8 25. Rxc8+ Qxc8 26. Nd2 Qc1+ 27. Nf1 Bd5 28. Qd3 Qc8 29. Qa3 b5 30. Qd3 a6 31. Qd4 Qc7 32. Bxd5 Nxd5 33. Nd2 Nac3 34. Kg2 Nxa2 35. f5 Qc3 36. fxe6 fxe6 37. Qe4 Qxd2 38. Qg6 Nxe3+ 39. Kh3 Qc2 40. Qxe6+ Kh7 41. fxe3 Nxb4 42. Nd7 Qc6 43. Nf8+ 1/2-1/2